<?xml version="1.0" encoding="UTF-8"?>
<record
    xmlns:xsi="http://www.w3.org/2001/XMLSchema-instance"
    xsi:schemaLocation="http://www.loc.gov/MARC21/slim http://www.loc.gov/standards/marcxml/schema/MARC21slim.xsd"
    xmlns="http://www.loc.gov/MARC21/slim">

  <leader>01592nam a22001697a 4500</leader>
  <controlfield tag="003">OSt</controlfield>
  <controlfield tag="005">20260128142203.0</controlfield>
  <controlfield tag="008">260123b        |||||||| |||| 00| 0 eng d</controlfield>
  <datafield tag="020" ind1=" " ind2=" ">
    <subfield code="a">9788195062430</subfield>
  </datafield>
  <datafield tag="082" ind1=" " ind2=" ">
    <subfield code="a">610.7/DAS</subfield>
  </datafield>
  <datafield tag="100" ind1=" " ind2=" ">
    <subfield code="a"> Dash  Bijaylaskhmi</subfield>
    <subfield code="9">216462</subfield>
  </datafield>
  <datafield tag="245" ind1=" " ind2=" ">
    <subfield code="a">Educational Technology In Nursing Education Including Communication Skills (5th Semester)</subfield>
  </datafield>
  <datafield tag="300" ind1=" " ind2=" ">
    <subfield code="a">696 P</subfield>
  </datafield>
  <datafield tag="500" ind1=" " ind2=" ">
    <subfield code="a">This book on educational technology and nursing education helps students in developing a basic understanding of theoretical foundations and principles of teaching and learning and teaches them how to identify the latest approaches to education and learning, initiate self- assessments to identify one&#x2018;s own learning styles, demonstrate an understanding of various teaching styles that can be used, based on the learners&#x2019; readiness and generational needs, and also develop an understanding of the basics of curriculum planning, and organizing, etc... Students will also learn how to analyze and use different teaching methods effectively that are relevant to student population and settings and make appropriate decisions in selection of teaching learning activities integrating basic principles. It also has information about engaging in team learning and collaborations through inter professional education, integrating the principles of teaching and learning in selection and use of educational media/technology and how to apply those principles of assessment in selection and use of assessment and evaluation strategies</subfield>
  </datafield>
  <datafield tag="610" ind1=" " ind2=" ">
    <subfield code="a">Nursing Education</subfield>
    <subfield code="9">216416</subfield>
  </datafield>
  <datafield tag="942" ind1=" " ind2=" ">
    <subfield code="2">ddc</subfield>
    <subfield code="c">DB</subfield>
  </datafield>
  <datafield tag="999" ind1=" " ind2=" ">
    <subfield code="c">370113</subfield>
    <subfield code="d">370113</subfield>
  </datafield>
  <datafield tag="952" ind1=" " ind2=" ">
    <subfield code="0">0</subfield>
    <subfield code="1">0</subfield>
    <subfield code="2">ddc</subfield>
    <subfield code="4">0</subfield>
    <subfield code="7">0</subfield>
    <subfield code="a">SNCN</subfield>
    <subfield code="b">SNCN</subfield>
    <subfield code="d">2026-02-21</subfield>
    <subfield code="e">DONATED BY Deepali Tayade</subfield>
    <subfield code="g">700.00</subfield>
    <subfield code="i">IK#2025-26#00919</subfield>
    <subfield code="l">0</subfield>
    <subfield code="o">610.7 DAS</subfield>
    <subfield code="p">SNCN-DB-369</subfield>
    <subfield code="r">2026-01-28 08:53:00</subfield>
    <subfield code="v">700.00</subfield>
    <subfield code="w">2026-01-29</subfield>
    <subfield code="y">DB</subfield>
  </datafield>
</record>
